Municipalities of Niue - Statistics

General Stats
  • This quiz has been taken 34 times
  • The average score is 9 of 14
Answer Stats
Answer % Correct
Alofi North
100%
Alofi South
100%
Avatele
64%
Liku
64%
Hakupu
57%
Hikutavake
57%
Lakepa
57%
Makefu
57%
Mutalau
57%
Tamakautoga
57%
Toi
57%
Tuapa
57%
Vaiea
57%
Namukulu
50%
No matching quizzes found
Score Distribution
Percent of People with Each Score
Percentile by Number Answered
Your Score History
You have not taken this quiz